The relations of Christian denominations to colleges, (Record no. 18733)
[ view plain ]
| 000 -LEADER | |
|---|---|
| fixed length control field | 01104cam a22002771 4500 |
| 001 - CONTROL NUMBER | |
| control field | e 08000756 |
| 003 - CONTROL NUMBER IDENTIFIER | |
| control field | DLC |
| 005 - DATE AND TIME OF LATEST TRANSACTION | |
| control field | 20260227111150.0 |
| 007 - PHYSICAL DESCRIPTION FIXED FIELD--GENERAL INFORMATION | |
| fixed length control field | cr_||||||||||| |
| 008 - FIXED-LENGTH DATA ELEMENTS--GENERAL INFORMATION | |
| fixed length control field | 770308s1908 tnu 000 0 eng c |
| 010 ## - LIBRARY OF CONGRESS CONTROL NUMBER | |
| LC control number | e 08000756 |
| 035 ## - SYSTEM CONTROL NUMBER | |
| System control number | (OCoLC)2784620 |
| 040 ## - CATALOGING SOURCE | |
| Original cataloging agency | U.S. Off. of educ. Library |
| Transcribing agency | TNJ |
| Modifying agency | OCoLC |
| -- | DLC |
| 050 00 - LIBRARY OF CONGRESS CALL NUMBER | |
| Classification number | LC383 |
| Item number | .P7 |
| 100 1# - MAIN ENTRY--PERSONAL NAME | |
| Personal name | Pritchett, Henry S. |
| Fuller form of name | (Henry Smith), |
| Dates associated with a name | 1857-1939. |
| 245 14 - TITLE STATEMENT | |
| Title | The relations of Christian denominations to colleges, |
| Statement of responsibility, etc. | by Henry S. Pritchett. |
| 260 ## - PUBLICATION, DISTRIBUTION, ETC. | |
| Place of publication, distribution, etc. | [Nashville, Tenn., |
| Date of publication, distribution, etc. | 1908] |
| 300 ## - PHYSICAL DESCRIPTION | |
| Extent | 26 p. |
| Dimensions | 27 cm. |
| 500 ## - GENERAL NOTE | |
| General note | An address before the Conference on education of the Methodist Episcopal church, South, at Atlanta, Ga., May 20, 1908. |
| 500 ## - GENERAL NOTE | |
| General note | Published also in Educational review, v. 36, no. 3, p. 217-241. |
| 530 ## - ADDITIONAL PHYSICAL FORM AVAILABLE NOTE | |
| Additional physical form available note | Also available in digital form on the Internet Archive Web site. |
| 650 #0 - SUBJECT ADDED ENTRY--TOPICAL TERM | |
| Topical term or geographic name entry element | Church and education |
| Geographic subdivision | United States. |
| 650 #0 - SUBJECT ADDED ENTRY--TOPICAL TERM | |
| Topical term or geographic name entry element | Denominational colleges. |
| 610 20 - SUBJECT ADDED ENTRY--CORPORATE NAME | |
| Corporate name or jurisdiction name as entry element | Carnegie Foundation for the Advancement of Teaching. |
| 856 41 - ELECTRONIC LOCATION AND ACCESS | |
| Uniform Resource Identifier | <a href="http://hdl.loc.gov/loc.gdc/scd0001.00207759582">http://hdl.loc.gov/loc.gdc/scd0001.00207759582</a> |
No items available.